000 00286cam a2200121ua 4500
082 _a823.308
_bCHE/TH
100 _aChekov, A .
_91745
245 _aThree Years /
250 _a1 /
260 _aMoscow :
_bForeign Language Publishing House ,
_c1991.
300 _a139 ; .
942 _cBK
999 _c7815
_d7815